00810nam a22001097a 4500040000800000082002700008100001700035245050900052260002600561300002600587856008700613 cRUA aAVM PAV 2010 B096 Or.1 aPAV, KIMTHY. aEffect of using dry ivy gourd leaf in concentrate feed on the growth rate of quail at animal experimental station royal university of agriculture, ឥទ្ធិពលនៃការប្រើប្រាស់ស្លឹកបាសក្រៀមក្នុងចំណីផ្សំលើការលូតលាស់របស់ក្រូចនៅស្ថានីយពិសោធន៍សត្វនៃសាកលវិ់ទ្យាល័យភូមិន្ទកសិកម្ម aPhnom PenhbRUAc2010 axi; 41p.bill.c29cm. uhttps://drive.google.com/file/d/1KKWg1WQUlTOBLBIvgVoaUmPUFFcx-TUI/view?usp=sharing